000 01791cam a22004934i 4500
003 PE-LiUPU
005 20250731172953.0
008 150623s r 000 0 d
020 _a080280750X
035 _a(Sirsi) i9780802807502
040 _aPE-LiUPU
_bspa
_cPE-LiUPU
_erda
049 _aPRUA
082 0 4 _a221.6092
_bC18D
_221
100 1 _aCalvino, Juan,
_eautor.
245 1 0 _aDaniel I :
_b(Chapters 1-6) /
_cJuan Calvino.
264 1 _aGrand Rapids, Michigan :
_bWilliam B. Eerdmans Publishing Company,
_c1993.
300 _a300 páginas ;
_c23 centímetros
336 _atext
_2rdacontent
337 _aunmediated
_2rdamedia
338 _avolume
_2rdacarrier
490 0 _aCalvin's Old Testament Commentaries ;
_v20
505 0 _aDaniel.
526 _aSEG42
526 _aSEG41
526 _aSEG40
526 _aSEG39
526 _aP94
526 _aP87
526 _aP86
526 _aP85
526 _aP77
526 _aP76
526 _aP35
630 _aBiblia.
_pA.T.
_pDaniel
_xCrítica, interpretación, etc.
942 _2ddc
_cBOOK
949 _a221.6092 C18D
_wDEWEY
_c1
_i45945
_lCCODEBUL1
_mBUL
_r0
_sY
_tBOOK
_u2015-6-24
_xTEOLOGIA
_PP35
_0COMPRA
_o.STAFF. Colección General
949 _a221.6092 C18D
_wDEWEY
_c2
_i45068
_lCCODEBUL1
_mBUL
_r0
_sY
_tBOOK
_u2015-6-24
_xTEOLOGIA
_PP35
_0COMPRA
_o.STAFF. Colección General
994 _aC0
_bPEPRU
596 _a1
999 _a221.6092 C18D
_wDEWEY
_c21951
_i45945
_d21951
_f2021-11-9
_g5
_lCCODEBUL1
_mBUL
_q1
_r0
_sY
_tBOOK
_u2015-6-24
_xTEOLOGIA
_PP35
_0COMPRA
_o.STAFF. Colección General
999 _a221.6092 C18D
_wDEWEY
_c2
_i45068
_f2021-11-30
_g5
_lCCODEBUL1
_mBUL
_r0
_sY
_tBOOK
_u2015-6-24
_xTEOLOGIA
_PP35
_0COMPRA
_o.STAFF. Colección General
980 _81
_gALBERTO SANCHEZ Responsable de Automatización